American Patriotic Songs 2 - Statistics

General Stats
  • This quiz has been taken 12 times
  • The average score is 4 of 15
Answer Stats
Song % Correct
Star Spangled Banner
78%
Free America
67%
God Bless America
56%
Yankee Doodle
44%
When Johnny Comes Marching Home
33%
Battle Cry of Freedom
22%
Over There
22%
This Land Is Your Land
22%
You’re a Grand Old Flag
22%
Battle Hymn of the Republic
11%
Hail Columbia
11%
Rise Columbia
11%
The Stars and Stripes Forever
11%
Liberty Song
0%
The Battle of New Orleans
0%
No matching quizzes found
Score Distribution
Percent of People with Each Score
Percentile by Number Answered
Your Score History
You have not taken this quiz